| 000 | 00832nam a2200277Ia 4500 | ||
|---|---|---|---|
| 003 | OSt | ||
| 005 | 20221006143028.0 | ||
| 006 | a|||||r|||| 00| 0 | ||
| 007 | ta | ||
| 008 | 221006b |||||||| |||| 00| 0 eng d | ||
| 020 |
_c _25.00 |
||
| 024 | _a7,839 | ||
| 037 | _cTextual | ||
| 040 |
_aEASL _cEASL _beng |
||
| 041 |
_2eng _aeng |
||
| 082 | _aY:1:6.1-42.N8, M6 | ||
| 100 |
_aMurakami Yasusuke Ed. _9648990 |
||
| 245 | 0 |
_aJapan in the global community _b Its role and contribution on the eve of the 21st century |
|
| 260 |
_aJapan _bRound Table Discussions on Japan in the _c1986 |
||
| 300 |
_axvii,210p. _ccm. |
||
| 490 | _v JEL | ||
| 650 | _aJEL | ||
| 700 |
_a Kosai Yutaka Ed. _9648991 |
||
| 942 |
_hY:1:6.1-42.N8, M6 _cTEXL _2CC |
||
| 999 |
_c1075925 _d1075925 |
||